000 00582nam a22001937a 4500
005 20140716103821.0
010 _aENG-97633
020 _a9788178127927
_c310.00
035 _aEN-81166
037 _bDBAD/PUB
082 _a000
100 _aGupta's R.
245 _aAdministrative officer examination /
_cby R. Gupta's
260 _aNew Delhi
_bRamesh Publishing House
_c2010
270 _a12-H, New Daryaganj Road, Opp. Traffic Kotwali,
_bNew Delhi
_e110002
300 _aiv, 104p.
_c24cm (pbk)
650 _aGeneral knowledge
942 _2ddc
_cEN
_h000
_mGUP
999 _c38861
_d38861